Don't Say the Same Thing As Me - European Countries - Statistics

General Stats
  • This quiz has been taken 182 times
    79 since last reset
  • The average score is 3 of 10
Answer Stats
Name a... My Answer: % Correct
Nordic country Finland
93%
Country that touches the Mediterranean Sea France
77%
Country that borders France Belgium
23%
Microstate Monaco
20%
Former member of Yugoslavia Slovenia
20%
Country that has green on its flag Hungary
14%
Country that starts with C Croatia
11%
Country that touches the Baltic Sea Poland
11%
Country where the capital is not the largest city Switzerland
11%
Axis Power Germany
7%
No matching quizzes found
Score Distribution
Percent of People with Each Score
Percentile by Number Answered
Your Score History
You have not taken this quiz since the last reset